Coaching Agile Teams A Companion for ScrumMasters, Agile Coaches and Project Managers in Transition

Na minha lista:
Detalhes bibliográficos
Autor principal: Adkins, Lyssa
Formato: Livro
Idioma:inglês
Publicado em: Upper Saddle River Addison-Wesley 2010
Assuntos:
Tags: Adicionar Tag
Sem tags, seja o primeiro a adicionar uma tag!

MARC

LEADER 00000nam a2200000 4500
001 0297082
005 20240416113610.5
020 |a 978-0-321-63770-3 
020 |a 0-321-63770-4 
041 0 |a eng 
044 |a US 
245 1 0 |a Coaching Agile Teams  |b A Companion for ScrumMasters, Agile Coaches and Project Managers in Transition  |c Lyssa Adkins 
264 1 |a Upper Saddle River  |b Addison-Wesley  |c 2010 
300 |a 315 s. 
610 2 0 |a vedenie ľudí 
610 2 0 |a koučovanie 
610 2 0 |a tímy pracovné 
610 2 0 |a manažment 
610 2 0 |a manažéri 
610 2 0 |a lídri 
610 2 0 |a riadenie projektové 
100 1 |a Adkins, Lyssa